Equipos de Estados Unidos - Estadísticas

Estadísticas generales
  • Esta prueba ha sido intentada 22 veces
  • La puntuación promedio es 18 de 32
Estadísticas de respuestas
NFL NBA MLB NHL MLS % Correcto
Arizona Cardinals Vegas Golden Knights
100%
Seattle Seahawks Vancouver Canucks
100%
Tampa Bay Buccaneers Chicago Bulls Chicago Cubs Nashville Predators Los Angeles Galaxy
76%
Kansas City Chiefs Los Angeles Lakers Las Vegas Athletics New York Rangers Orlando City
76%
Los Angeles Chargers Boston Celtics Atlanta Braves Washington Capitals Austin FC
62%
Philadelphia Eagles Miami Heat Los Angeles Dodgers Los Angeles Kings Sporting Kansas City
62%
Chicago Bears New York Knicks New York Mets Colorado Avalanche FC Dallas
62%
Pittsburgh Steelers Denver Nuggets Baltimore Orioles Boston Bruins Atlanta United FC
57%
New York Jets Golden State Warriors Houston Astros New Jersey Devils New York City FC
57%
Jacksonville Jaguars Houston Rockets Cleveland Guardians Tampa Bay Lightning Inter Miami CF
57%
Buffalo Bills Los Angeles Clippers Los Angeles Angels New York Islanders New York Red Bulls
57%
Minnesota Vikings Philadelphia 76ers Philadelphia Phillies Dallas Stars Houston Dynamo
57%
New York Giants Atlanta Hawks Arizona Diamondbacks Calgary Flames San Jose Earthquakes
52%
Washington Commanders Charlotte Hornets Colorado Rockies Edmonton Oilers Seattle Sounders FC
52%
New Orleans Saints Cleveland Cavaliers Cincinnati Reds St. Louis Blues Minnesota United
52%
Tennessee Titans Dallas Mavericks Chicago White Sox Ottawa Senators DC United
52%
Carolina Panthers Indiana Pacers Pittsburgh Pirates Winnipeg Jets Real Salt Lake
52%
Baltimore Ravens Minnesota Timberwolves Boston Red Sox Buffalo Sabres Charlotte FC
52%
Detroit Lions Toronto Raptors Washington Nationals Minnesota Wild Los Angeles FC
52%
Green Bay Packers Brooklyn Nets Miami Marlins Chicago Blackhawks Colorado Rapids
48%
Houston Texans Memphis Grizzlies Detroit Tigers Toronto Maple Leafs CF Montreal
48%
San Francisco 49ers Orlando Magic San Diego Padres San Jose Sharks St. Louis City SC
48%
Cleveland Browns Portland Trail Blazers Tampa Bay Rays Florida Panthers FC Cincinnati
48%
Denver Broncos Sacramento Kings Texas Rangers Pittsburgh Penguins Toronto FC
48%
Miami Dolphins San Antonio Spurs Minnesota Twins Columbus Blue Jackets New England Revolution
48%
Los Angeles Rams Washington Wizards San Francisco Giants Seattle Kraken Vancouver Whitecaps
48%
Atlanta Falcons Detroit Pistons Milwaukee Brewers Utah Mammoth Portland Timbers
43%
Dallas Cowboys Milwaukee Bucks St. Louis Cardinals Anaheim Ducks San Diego FC
43%
Cincinnati Bengals Oklahoma City Thunder New York Yankeers Detroit Red Wings Chicago Fire
43%
Las Vegas Raiders Phoenix Suns Seattle Mariners Philadelphia Flyers Philadelphia Union
43%
New England Patriots New Orleans Pelicans Kansas City Royals Carolina Hurricanes Nashville SC
38%
Indianapolis Colts Utah Jazz Toronto Blue Jays Montreal Canadiens Columbus Crew
38%
No se encontraron pruebas coincidentes
Distribución de puntuación
Porcentaje de gente con cada puntuación
Porcentaje por número respondido
Historial de tus puntuaciones
No has intentado esta prueba.